Capitali asiatiche - Statistics

Statistiche generali
  • Questo quiz è stato fatto 63 volte
  • Il punteggio medio è 32 su 54
Statistiche sulle risposte
Hint Risposta % Corretto
Azerbaigian Baku
92%
Afghanistan Kabul
89%
Cina Pechino
87%
Arabia Saudita Riyad
87%
Cipro Nicosia
82%
Corea del Sud Seul
82%
Giappone Tokyo
82%
Israele Gerusalemme
79%
Indonesia Giacarta
79%
India Nuova Delhi
79%
Armenia Erevan
76%
Corea del Nord Pyongyang
76%
Iran Teheran
76%
Turchia Ankara
74%
Bangladesh Dacca
74%
Egitto Il Cairo
74%
Russia Mosca
74%
Singapore Singapore
74%
Georgia Tbilisi
74%
Emirati Arabi Uniti Abu Dhabi
71%
Iraq Baghdad
71%
Thailandia Bangkok
68%
Filippine Manila
68%
Nepal Kathmandu
66%
Taiwan Taipei
66%
Giordania Amman
63%
Cambogia Phnom Penh
63%
Pakistan Islamabad
61%
Libano Beirut
58%
Siria Damasco
58%
Qatar Doha
58%
Vietnam Hanoi
58%
Mongolia Ulan Bator
58%
Kazakistan Astana
55%
Malesia Kuala Lumpur
55%
Maldive Male
55%
Hong Kong Hong Kong
53%
Bahrein Manama
53%
Yemen Sana'a
53%
Bhutan Thimphu
53%
Laos Vientiane
53%
Oman Mascate
45%
Uzbekistan Tashkent
42%
Timor Est Dili
39%
Brunei Bandar Seri Begawan
37%
Kirghizistan Bishkek
37%
Sri Lanka Colombo/Sri Jayawardenepura Kotte
37%
Myanmar Naypyidaw
34%
Turkmenistan Ashgabat
29%
Tagikistan Dusanbe
26%
Macao Macao
26%
Isola di Natale Flying Fish Cove
16%
Kuwait Madinat al-Kuwait
11%
Cipro del Nord Nicosia Nord
8%
Nessun quiz corrispondente trovato
Distribuzione punteggi
Percentuale di utenti per punteggio
Percentile per numero di risposta
I tuoi punteggi nel tempo
Non hai fatto questo quiz